00803nam a22002417a 450000500170000000800410001701000140005802000260007203500130009803500170011103700150012803700300014304000180017308200150019110000170020624500960022325000130031926000420033227001040037430000260047865000360050470000210054020090611122046.0080814t xxu||||| |||| 00| 1 eng d aENG-93946 a9788175346338c395.00 aEN-77479 aB-359921-936 bDBAD / PUB bUniversal Law Publishing  adplbEnglish  a346.540134 aAnand, A.S.  aJustice for women:cby A.S. Anand; compiled by Munisha Gandhi bconcerns and experessions / a3rd ed.  aDelhibUnivrsal Law Publishing c2008 aC-FF-1A, Dilkhush Industrial Estate, (Opp. Hans Cinema, Azadpur), G.T. Karnal Road, bDelhie110033 axix, 346p. c25cm(Hb) aWomenxLegal status, laws, etc. aGandhi, Munisha